000 00323nam a22001457a 4500
008 221213b ||||| |||| 00| 0 eng d
020 _a97846504638
041 _aeng
080 _a159.9
082 _a159.9KOR
100 _a25
101 _aPSI
245 _aMODERN CLINICAL PSYCHOLOGY
_cKORCHIN J.SH
942 _2udc
_cBK
999 _c59175
_d59175